| 000 | 01487cam a2200373 a 4500 | ||
|---|---|---|---|
| 001 | 1161120 | ||
| 003 | OSt | ||
| 005 | 20140310181635.0 | ||
| 008 | 960314s1996 nyu b 001 0 eng | ||
| 010 | _a 96007555 | ||
| 020 | _a0415914000 | ||
| 020 | _a0415914019 (pbk.) | ||
| 040 |
_aDLC _cDLC _dDLC |
||
| 043 | _an-us--- | ||
| 050 | 0 | 0 |
_aLC 1099.3 _b.Ed23 1996 |
| 082 | 0 | 0 |
_aTR 370.196 _bEd36 1996 |
| 100 | 1 |
_aEdgerton, Susan Huddleston, _d1955- |
|
| 245 | 1 | 0 |
_aTranslating the curriculum : _bmulticulturalism into cultural studies / _cSusan Huddleston Edgerton. |
| 260 |
_aNew York : _bRoutledge, _c1996. |
||
| 300 |
_axvii, 201 p. ; _c24 cm. |
||
| 500 | _aIncludes bibliographical references and index. | ||
| 520 | _a1. Educational anthropology--U.S 2. multicultural education--U.S. | ||
| 521 | _aFaculty | ||
| 541 | _j1 | ||
| 562 | _eFor circulation. One copy is available in the collection | ||
| 650 | 0 |
_aMulticultural education _zUnited States. |
|
| 650 | 0 |
_aMulticultural education _xCurricula _zUnited States. |
|
| 650 | 0 |
_aEducational anthropology _zUnited States. |
|
| 856 | 4 | 2 |
_3Publisher description _uhttp://www.loc.gov/catdir/enhancements/fy0651/96007555-d.html |
| 856 | 4 | 2 |
_3Contributor biographical information _uhttp://www.loc.gov/catdir/enhancements/fy1011/96007555-b.html |
| 906 |
_a7 _bcbc _corignew _d1 _eocip _f19 _gy-gencatlg |
||
| 942 |
_2lcc _cBK-TR _kTR |
||
| 999 |
_c639 _d639 |
||